000 00994naa a22002897a 4500
001 BR7900692
003 BR-BrBNA
005 20240918174315.0
007 ta
008 230509b bl.||||| |||| 00| 0 por d
040 _aBR-BrBNA
_bpor
_cBiblioteca Nacional de Agricultura
041 _a(Pt)
072 _aH20
090 _aH20 BR7900692
100 1 _aFavraud, L.
100 1 _aAzevedo, J.L. de
245 1 _aCapacidade de crescimento das linhagens MSE e MSE su nic 8 de Aspergillus nidulans sob diferentes condicoes de cultivo [fungo, meio de cultura]
260 3 _aPiracicaba, SP (Brasil):
_c1978.
500 _aRelatorio cientifico - 1977 Piracicaba, SP (Brasil): 1978. p. 57-62 (BR7900692-AM)H20
650 _aASPERGILOSE
650 _aLINHAGEM
650 _aFUNGO
650 _aMEIO DE CULTURA
773 0 _tRelatorio cientifico - 1977 : no. 11 /
_wF30 BR7900679
_gPiracicaba, SP (Brasil), 1978.
_q175 p.
909 _a202404
_bLucia
_c55
_dLucia Elande
942 _cAM
_2AGRIS
999 _c310261
_d310261